000 00867cam a2200265 a 4500
001 4379331
003 OSt
005 20250901165758.0
008 910805s1992 nyu 000 1 eng
010 _a 91029103
020 _a067083954X :
_c$22.00 ($26.99 Can.)
040 _aDLC
_cDLC
_dDLC
_dOCoLC
_dDLC
050 0 0 _aPS 3557.O838 S8 1992
_bS8 1992
082 0 0 _a813/.54
_220
100 1 _aGoudge, Eileen.
245 1 0 _aSuch devoted sisters /
_cEileen Goudge.
260 _aNew York, NY :
_bViking,
_c1992.
300 _ax, 562 p. ;
_c24 cm.
650 0 _aSisters
_vFiction.
650 0 _aChocolate industry
_vFiction.
655 7 _aRomantic suspense fiction.
_2gsafd
906 _a7
_bcbc
_corignew
_d1
_eocip
_f19
_gy-gencatlg
942 _2lcc
_cBK
999 _c9168
_d9168